书目信息 |
| 题名: |
地图学基本原理与应用
|
|
| 作者: | 胡圣武 , 肖本林 编著 | |
| 分册: | ||
| 出版信息: | 北京 测绘出版社 2014.07 |
|
| 页数: | 319页 | |
| 开本: | 26cm | |
| 丛书名: | ||
| 单 册: | ||
| 中图分类: | P28 | |
| 科图分类: | ||
| 主题词: | 地图学--di tu xue | |
| 电子资源: | ||
| ISBN: | 978-7-5030-3300-1 | |
| 000 | 01005nam0 2200253 450 | |
| 001 | 96491 | |
| 005 | 20250912193638.56 | |
| 010 | @a978-7-5030-3300-1@dCNY48.00 | |
| 100 | @a20140905d2014 em y0chiy50 ea | |
| 101 | 0 | @achi |
| 102 | @aCN@b110000 | |
| 105 | @aak a 000yy | |
| 106 | @ar | |
| 200 | 1 | @a地图学基本原理与应用@Adi tu xue ji ben yuan li yu ying yong@f胡圣武, 肖本林编著 |
| 210 | @a北京@c测绘出版社@d2014.07 | |
| 215 | @a319页@c图@d26cm | |
| 320 | @a有书目 (第317-319页) | |
| 330 | @a本书系统、完整地介绍地图学的基本原理与应用。主要内容包括地图和地图学的基本特性及定义、基本内容、分类、功能、学科体系, 地球椭球体基本要素和基本公式, 地图的投影基本理论, 常见的几种投影的理论与应用, 地图语言, 普通地图与专题地图内容的表示方法, 地图综合的基本理论和基本规律, 地图设计, 地图成图的方法等。 | |
| 606 | 0 | @a地图学@Adi tu xue |
| 690 | @aP28@v5 | |
| 701 | 0 | @a胡圣武@Ahu sheng wu@4编著 |
| 701 | 0 | @a肖本林@Axiao ben lin@4编著 |
| 801 | 0 | @aCN@c20250909 |
| 905 | @a河南城建学院图书馆@dP28@eH507 | |
| 地图学基本原理与应用/胡圣武, 肖本林编著.-北京:测绘出版社,2014.07 |
| 319页:图;26cm |
| ISBN 978-7-5030-3300-1:CNY48.00 |
| 本书系统、完整地介绍地图学的基本原理与应用。主要内容包括地图和地图学的基本特性及定义、基本内容、分类、功能、学科体系, 地球椭球体基本要素和基本公式, 地图的投影基本理论, 常见的几种投影的理论与应用, 地图语言, 普通地图与专题地图内容的表示方法, 地图综合的基本理论和基本规律, 地图设计, 地图成图的方法等。 |
| ● |
| 相关链接 |
|
|
|
正题名:地图学基本原理与应用
索取号:P28/H507
 
预约/预借
| 序号 | 登录号 | 条形码 | 馆藏地/架位号 | 状态 | 备注 |
| 1 | 1631003 | 216310034 | 自科库401/401自科库 124排2列1层/ [索取号:P28/H507] | 在馆 |